00387 2200145 4500001002100000008004100021035002000062245005000082100000800132260003500140084001700175082001100192990001900203990001900222INLIS000000000000129 ind  a0010-0924000118 aLOMBA KARYA ILMU PENGETAHUAN BAGI REMAJA 1986 aTIM aJAKARTA :bBALAI PUSTAKAc1986 a001.42 TIM l a001.42 a000.1990.00023 a000.1990.00024